| 000 | 00657nam a2200229 a 4500 | ||
|---|---|---|---|
| 001 | 14075 | ||
| 003 | BD-JhCC | ||
| 005 | 20240917103259.0 | ||
| 008 | 240917b1996 nyua|||| ||a| 001 0 eng d | ||
| 020 | _a0670772895 | ||
| 035 | _a(BD-JhCC)14075 | ||
| 040 |
_aBD-JhCC _dBD-JhCC |
||
| 041 | _aenglish | ||
| 082 |
_a004.678 _bGAT 1996 |
||
| 100 | _aGates,Bill | ||
| 245 |
_aThe road ahead / _cBill Gates. |
||
| 260 |
_aNew York: _bPenguin Books; _c1996. |
||
| 300 |
_a xviii, 332 pages. : _b illustrations ; _c23 cm . |
||
| 650 |
_aComputer industry United States _vComputer networks _zComputer networks United States |
||
| 942 |
_2ddc _cBK |
||
| 999 |
_c14075 _d14075 |
||